Tous les joueurs sélectionnés avec la Belgique depuis 2010 - Statistiques

Statistiques générales
  • Ce quiz a été pris 132 fois
    34 depuis la dernière actualisation
  • Le résultat moyen est 30 sur 128
Statistiques - réponses
Periode Joueurs Nombres de matchs % Correct
2008-22 Eden Hazard 126
96%
2011- Thibaut Courtois 107
96%
2013- Thorgan Hazard 47
96%
2015-17 Jordan Lukaku 8
92%
2010- Kevin De Bruyne 117
92%
2010- Romelu Lukaku 124
92%
2007-24 Jan Vertonghen 157
88%
2020- Jérémy Doku 41
88%
2007-18 Marouane Fellaini 87
85%
2008- Axel Witsel 136
77%
2013- Thomas Meunier 78
77%
2009-22 Toby Alderweireld 127
77%
2015- Yannick Carrasco 78
77%
2010-22 Simon Mignolet 35
65%
2004-19 Vincent Kompany 89
65%
2011-22 Dries Mertens 109
58%
2015- Michy Batshuayi 55
58%
2011-21 Nacer Chadli 66
58%
2018- Timothy Castagne 62
58%
2015- Youri Tielemans 83
58%
2020-24 Koen Casteels 20
54%
2006-18 Mousa Dembélé 82
54%
2009-18 Radja Nainggolan 30
54%
2018- Hans Vanaken 32
50%
2021- Arthur Theate 33
46%
2010- Christian Benteke 45
46%
2020- Leandro Trossard 50
46%
2024- Maxim De Cuyper 17
46%
2006-21 Thomas Vermaelen 85
46%
2010- Dedryck Boyata 31
42%
2022- Amadou Onana 27
38%
2020- Charles De Ketelaere 28
38%
2001-14 Daniel Van Buyten 85
38%
2014- Divock Origi 32
38%
2015- Jason Denayer 35
38%
2022- Loïs Openda 33
38%
2022- Wout Faes 28
38%
2020- Dodi Lukébakio 29
35%
2021- Matz Sels 13
35%
2023- Johan Bakayoko 18
27%
2024- Malick Fofana 5
27%
2022- Orel Mangala 23
27%
2014- Adnan Januzaj 15
23%
2020- Alexis Saelemaekers 23
23%
2019- Brandon Mechele 7
23%
2025- Diego Moreira 2
23%
2024- Koni De Winter 6
23%
2026- Nathan De Cat 1
23%
2023- Roméo Lavia 1
23%
2022- Zeno Debast 26
23%
2007-18 Kevin Mirallas 60
19%
2015- Leander Dendoncker 32
19%
2023- Arthur Vermeeren 6
15%
2025- Joaquin Seys 4
15%
2015 Laurent Depoitre 1
15%
2026- Lucas Stassin 1
15%
2025- Nicolas Raskin 11
15%
2025- Roméo Vermant 1
15%
2025- Senne Lammens 2
15%
2006-17 Steven Defour 52
15%
2004-15 Anthony Vanden Borre 29
12%
2007-16 Guillaume Gillet 22
12%
2009-16 Jean-François Gillet 9
12%
2024- Julien Duranville 2
12%
2010-18 Laurent Ciman 20
12%
2026- Mika Godts 2
12%
2026- Nathan Ngoy 2
12%
2008-16 Sébastien Pocognoli 13
12%
2016- Thomas Foket 10
12%
2021- Albert Sambi Lokonga 2
8%
2024- Arne Engels 4
8%
2023- Aster Vranckx 9
8%
2025- Charles Vanhoutte 1
8%
2020- Sebastiaan Bornauw 4
8%
2004-11 Silvio Proto 13
8%
2001-16 Timmy Simons 94
8%
2019- Yari Verschaeren 7
8%
2014- Dennis Praet 15
4%
2019 Elias Cobbaut 1
4%
2023- Hugo Siquet 1
4%
2020 Joris Kayembe 2
4%
2025- Jorthy Mokio 1
4%
2024- Killian Sardella 1
4%
2015-16 Luis Pedro Cavanda 2
4%
2023- Mandela Keita 1
4%
2009-10 Mehdi Carcela 2
4%
2023- Mike Trésor 2
4%
2006-16 Nicolas Lombaerts 39
4%
2024 Thomas Kaminski 1
4%
2023- Ameen Al-Dakhil 6
0%
2018 Anthony Limbombe 1
0%
2019 Benito Raman 1
0%
2002-10 Bernd Thijs 7
0%
2010-11 Björn Vleminckx 3
0%
2025- Bryan Heynen 1
0%
1999-2011 Carl Hoefkens 22
0%
2016-17 Christian Kabasele 2
0%
2010 Christophe Lepoint 2
0%
2024- Cyril Ngonge 1
0%
2021 Dante Vanzeir 1
0%
2011 David Hubert 2
0%
2012 Denis Odoi 1
0%
2011 Derrick Tshimanga 1
0%
2020 Hannes Delcroix 1
0%
2020 Hendrik Van Crombrugge 1
0%
2009-12 Igor de Camargo 9
0%
2012 Ilombe Mboyo 2
0%
2003-14 Jelle Van Damme 31
0%
2009-13 Jelle Vossen 12
0%
2002-10 Jonathan Blondel 4
0%
2010 Jonathan Legear 2
0%
2007-10 Logan Bailly 8
0%
2007-10 Maarten Martens 9
0%
2010-11 Marvin Ogunjimi 7
0%
2024- Matte Smets 1
0%
2024- Norman Bassette 1
0%
2023- Olivier Deman 3
0%
2003-15 Olivier Deschacht 20
0%
2014 Sammy Bossut 1
0%
2022 Siebe Van der Heyden 1
0%
2010 Steve Colpaert 1
0%
2002-13 Thomas Buffel 35
0%
2008-11 Tom De Sutter 17
0%
2010-11 Vadis Odjidja Ofoe 3
0%
2001-10 Wesley Sonck 55
0%
2011 Yassine El Ghanassy 2
0%
2013-15 Zakaria Bakkali 2
0%
2020 Zinho Vanheusden 1
0%
Aucun quiz correspondant
Distribution des résultats
% des personnes avec chaque résultat
Percentile par nombre de réponses
Votre historique - résultats
Vous n’avez pas pris ce quiz depuis la dernière actualisation